000 02409nam0a2200397 i 4500
001 RU\NLR\bibl\1929967
005 20260409075547.0
010 _a9785861114165
_9300
021 _aRU
_b2012-49836
_93643
035 _a(nilc)RSL-KNO-005466251
035 _a(NLR Aleph) 001919329
090 _a3284410
_c3284410
100 _a20120711d2012 u y0rusy50 ca
101 0 _arus
_aeng
_abak
102 _aRU
105 _ay |||||||||
200 1 _aДуховно-нравственное воспитание в современном образовательном пространстве
_eсборник материалов международной научно-практической конференции, 23 декабря 2011 г., Республика Башкортостан, Стерлитамак
_f[редкол.: отв. ред. - к.п.н. Р. Р. Гильванов и др.]
210 _aСтерлитамак
_cСтерлитамакская государственная педагогическая академия
_d2012
215 _a207 с.
_d29
300 _aВ надзаг.: М-во образования и науки Российской Федерации, Федеральное гос. бюджетное образовательное учреждение высш. проф. образования "Стерлитамакская гос. пед. акад. им. Зайнаба Биишевой"
300 _aЧасть текста на англ. и башк. яз.
320 _aБиблиогр. в конце докл.
606 _aУчащиеся
_xДуховно-нравственное воспитание
_jСъезды, совещания и т.п.
_3RU\NLR\auth\661472162
_92479757
686 _aЮ948.1-82,0
_2rubbk
686 _aЮ949.2,0
_2rubbk
686 _aЧ421,6(2)352я431(0)
_2rubbk
686 _aЧ421,8(3)352я431(0)
_2rubbk
686 _aЧ313.52я431
702 1 _aГильванов
_bР. Р.
_gРасул Ринатович
_4340
712 0 2 _4570
_aСтерлитамакская государственная педагогическая академия им. Зайнаб Биишевой
_3RU\NLR\AUTH\8810059206
_9619639
801 0 _aRU
_bRuMoRKP
_c20120711
_grcr
801 1 _aRU
_bРГБ
_c20120711
801 2 _aRU
_bNLR
_c20120727
_grcr
942 _cBOOK
980 _aNBR